000 00819nam a2200265Ia 4500
003 OSt
005 20220925223434.0
006 a|||||r|||| 00| 0
007 ta
008 220923b |||||||| |||| 00| 0 eng d
020 _a13:9780415376174
_c1440.1800000000001
037 _bIN8417, 14/01/2008, SARAS BOOK COMPANY
_cGeneral Book
040 _aRTL
_cRTL
_beng
041 _2eng
_aeng
082 _aY:(G:55), N9;P7
100 _aBarry John
_9141116
245 0 _aEnviromment and social theory
250 _a2
260 _aLondon
_bRoutledge
_c2007
300 _axv,350p.
_ccm.
490 _aRoutledge Introductions to Environment Series
650 _aGeography
942 _hY:(G:55), N9;P7
_cGB
_2CC
999 _c579602
_d579602